<?xml version="1.0" encoding="UTF-8"?>
<record
    xmlns:xsi="http://www.w3.org/2001/XMLSchema-instance"
    xsi:schemaLocation="http://www.loc.gov/MARC21/slim http://www.loc.gov/standards/marcxml/schema/MARC21slim.xsd"
    xmlns="http://www.loc.gov/MARC21/slim">

  <leader>01257nam a2200289 a 4500</leader>
  <controlfield tag="001">000021653</controlfield>
  <controlfield tag="003">DO-SdBNP</controlfield>
  <controlfield tag="005">20220223102615.0</controlfield>
  <controlfield tag="007">ta</controlfield>
  <controlfield tag="008">100909s1990    cu     gr     001 ebspa d</controlfield>
  <datafield tag="040" ind1=" " ind2=" ">
    <subfield code="a">DO-SdBNP</subfield>
    <subfield code="b">spa</subfield>
    <subfield code="c">BNPHU</subfield>
  </datafield>
  <datafield tag="082" ind1=" " ind2="4">
    <subfield code="2">22</subfield>
    <subfield code="a">928.83</subfield>
    <subfield code="b">N454T</subfield>
  </datafield>
  <datafield tag="100" ind1="1" ind2=" ">
    <subfield code="a">Teitelboim, Volodia,</subfield>
    <subfield code="d">1916- 2008</subfield>
    <subfield code="9">3850</subfield>
  </datafield>
  <datafield tag="245" ind1="1" ind2="0">
    <subfield code="a">Neruda /</subfield>
    <subfield code="c">Volodia Teitelboim ; edici&#xF3;n de Aitana Alberti.</subfield>
  </datafield>
  <datafield tag="260" ind1=" " ind2=" ">
    <subfield code="a">La Habana, Cuba :</subfield>
    <subfield code="b">Arte y Literatura,</subfield>
    <subfield code="c">1990</subfield>
  </datafield>
  <datafield tag="300" ind1=" " ind2=" ">
    <subfield code="a">468, [6] p. ;</subfield>
    <subfield code="c">23 cm.</subfield>
  </datafield>
  <datafield tag="500" ind1=" " ind2=" ">
    <subfield code="a">Incluye &#xED;ndice de nombres e ilustraciones.</subfield>
  </datafield>
  <datafield tag="504" ind1=" " ind2=" ">
    <subfield code="a">Bibliograf&#xED;a: (p. 451-153).</subfield>
  </datafield>
  <datafield tag="505" ind1=" " ind2=" ">
    <subfield code="a">Primera parte: De las lluvia ala guerra.--</subfield>
    <subfield code="t">I. Ni&#xF1;o de frontera.--</subfield>
    <subfield code="t">II. Joven de crep&#xFA;sculo.--</subfield>
    <subfield code="t">III. Agon&#xED;a y creaci&#xF3;n en Oriente.--</subfield>
    <subfield code="t">La letra con sangre entra.--</subfield>
  </datafield>
  <datafield tag="505" ind1=" " ind2=" ">
    <subfield code="a">Segunda parte: Pasi&#xF3;n  y Muerte.</subfield>
    <subfield code="t">V. Su descubrimiento de Am&#xE9;rica.--</subfield>
    <subfield code="t">VI. El viaje del mundo.--</subfield>
    <subfield code="t">VII. Narrador de s&#xED; mismo.--</subfield>
    <subfield code="t">VIII. La balada del viejo marinero.--</subfield>
    <subfield code="t">Notas bibliogr&#xE1;ficas.--</subfield>
    <subfield code="t">&#xCD;ndice de nombres.</subfield>
  </datafield>
  <datafield tag="590" ind1=" " ind2=" ">
    <subfield code="a">Inventariado 2022 / MF</subfield>
  </datafield>
  <datafield tag="600" ind1="0" ind2="4">
    <subfield code="a">Neruda, Pablo,</subfield>
    <subfield code="d">1904-1973</subfield>
    <subfield code="9">9164</subfield>
  </datafield>
  <datafield tag="650" ind1=" " ind2="4">
    <subfield code="a">Poetas chilenos</subfield>
    <subfield code="y">Siglo XX</subfield>
    <subfield code="v">Biograf&#xED;as</subfield>
    <subfield code="9">11296</subfield>
  </datafield>
  <datafield tag="700" ind1="1" ind2=" ">
    <subfield code="a">Alberti, Aitana,</subfield>
    <subfield code="e">ed.</subfield>
    <subfield code="9">45052</subfield>
  </datafield>
  <datafield tag="910" ind1=" " ind2=" ">
    <subfield code="a">MF&#xE9;liz</subfield>
  </datafield>
  <datafield tag="942" ind1=" " ind2=" ">
    <subfield code="2">ddc</subfield>
    <subfield code="c">LBS1</subfield>
  </datafield>
  <datafield tag="952" ind1=" " ind2=" ">
    <subfield code="0">0</subfield>
    <subfield code="1">0</subfield>
    <subfield code="2">ddc</subfield>
    <subfield code="5">6</subfield>
    <subfield code="7">0</subfield>
    <subfield code="8">GR</subfield>
    <subfield code="a">BNPHU</subfield>
    <subfield code="b">BNPHU</subfield>
    <subfield code="c">CT</subfield>
    <subfield code="d">2010-09-09</subfield>
    <subfield code="l">0</subfield>
    <subfield code="o">928.83 N454T</subfield>
    <subfield code="p">21653-10</subfield>
    <subfield code="r">2020-06-25</subfield>
    <subfield code="w">2020-06-25</subfield>
    <subfield code="y">LBS1</subfield>
  </datafield>
  <datafield tag="999" ind1=" " ind2=" ">
    <subfield code="c">21152</subfield>
    <subfield code="d">21152</subfield>
  </datafield>
</record>
